SEMAVER (Record no. 698335)

MARC details
000 -LEADER
sabit uzunluktaki kontrol alanı 00244nam a2200097Ia 4500
001 - KONTROL NUMARASI
kontrol alanı 698335
005 - EN SON İŞLEMİN TARİH VE ZAMANI
kontrol alanı 20250826162049.0
008 - SABİT-UZUNLUKTA VERİ ÖĞELERİ--GENEL BİLGİ
sabit uzunluktaki kontrol alanı 250824s9999 xx 000 0 und d
245 #0 - ESER / YAZAR
ESER ADI SEMAVER
Yazar Adı SAİT FAİK ABASIYANIK
260 ## - YAYIN, DAĞITIM, VB.
YAYIN EVİ İŞ BANKASI KÜLTÜR
Holdings
Düşüm durumu Kayıp durumu Hasar Durumu Ödünç verilmez Ana kütüphane Geçerli Kütüphane Edinilen tarih Toplam ödünç verme sayısı Barkod Son görüntüleme tarihi Fiyatın geçerli olmaya başladığı tarih Koha materyal türü
        ŞEHİT UFUK BAYSAN ANADOLU LİSESİ ŞEHİT UFUK BAYSAN ANADOLU LİSESİ 24.08.2025   10203058 26.08.2025 26.08.2025 Books